| 000 | 02025nam2a2200301 i 4500 | ||
|---|---|---|---|
| 001 | RU\NLR\BIBL_A\011428847 | ||
| 005 | 20260406151211.0 | ||
| 010 |
_a9785000781197 _bч. 3 |
||
| 010 |
_a978-5-89016-982-2 _9500 |
||
| 021 |
_aRU _b2017-55631 _93961 |
||
| 035 | _a(NLR Aleph) 011428847 | ||
| 090 |
_a11642532 _c11642532 |
||
| 100 | _a20170629d2016 km y0rusy50 ca | ||
| 101 | 0 |
_arus _deng _erus _eeng |
|
| 102 | _aRU | ||
| 105 | _ach||z|||000zb | ||
| 200 | 1 |
_aГосударственная деятельность в царствование Александра I _dThe state activity in the reign of Alexander I _zeng |
|
| 210 | _d2016 | ||
| 215 |
_a303 с. _cцв. портр., факс. |
||
| 320 | _aБиблиогр.: с. 192-198 и в подстроч. примеч. | ||
| 461 | 0 |
_1001RU\NLR\BIBL_A\010735122 _12001#$aГ. Р. Державин: на службе у трех императоров$dG. R. Derzhavin: on service of three emperors$eмонография$eв 3 ч.$fН. С. Цинцадзе$gМ-во образования и науки Рос. Федерации, Федер. гос. бюджет. образоват. учреждение высш. проф. образования "Тамб. гос. ун-т им. Г. Р. Державина"$zeng$vЧ. 3 _1700#1$aЦинцадзе$bН. С.$gНина Сергеевна$f1984-$3RU\NLR\AUTH\77118746 _99879317 _aЦинцадзе, Н. С. (1984-) _cТамбов _d2014 _fН. С. Цинцадзе _lG. R. Derzhavin: on service of three emperors _nИзд-во ТГУ _oмонография : в 3 ч. _tГ. Р. Державин: на службе у трех императоров _vЧ. 3 |
|
| 510 | 1 |
_6z33790 _aThe state activity in the reign of Alexander I _zeng |
|
| 702 | 0 |
_4570 _8rus _7ca _aАлександр _cимператор российский _dI _f1777-1825 _3RU\NLR\AUTH\775342 _9115306 |
|
| 790 | 1 |
_8rus _7ba _aCincadze _bN. S. _f1984- _gNina Sergeevna _3RU\NLR\AUTH\77118747 _9101672 |
|
| 942 | _cBOOK | ||
| 980 | _aNBR | ||